|
|
|
|
| LEADER |
00000nab a2200000 a 4500 |
| 001 |
vtls000688999 |
| 003 |
SK-MaSNL |
| 005 |
20260319075634.0 |
| 008 |
160405c1999 xo 0 hun |
| 015 |
|
|
|a SNBRB1999/03-05541
|
| 035 |
|
|
|a CLN000041166
|
| 040 |
|
|
|a SNKBUCL
|b slo
|c SNKBUCL
|e AACR2
|
| 041 |
0 |
|
|a hun
|
| 044 |
|
|
|a xo
|c SK
|
| 080 |
|
|
|a 792(439):792.8
|2 1997
|
| 080 |
|
|
|a 792.8
|2 1997
|
| 100 |
1 |
|
|a Albert, Mária
|4 aut
|9 892622
|
| 245 |
1 |
0 |
|a Purim, egy esztendő után
|b ősbemutatóra készül a Győri Balett ...
|c Albert Mária
|
| 300 |
|
|
|b Fotogr.
|
| 610 |
|
7 |
|a Győri Balett (Győr, Maďarsko)
|2 snkbucl
|9 890611
|
| 655 |
|
7 |
|a články z novín a časopisov
|2 snkbucl
|9 267496
|
| 773 |
0 |
|
|t Vasárnap
|g Roč. 32, č. 12-13 (1999), s. 23
|
| 850 |
|
|
|a Slovenská národná knižnica v Martine
|
| 852 |
|
|
|a SNK
|b KIS3GCP
|
| 958 |
|
|
|a HU
|
| 958 |
|
|
|a RBX
|
| 999 |
|
|
|c 1415021
|d 1416951
|